Jorge Chávez International Airport Destinations (Lima, Peru) - Map - Statistics

General Stats
  • This quiz has been taken 49 times
  • The average score is 45 of 70
Answers on the Map
Answers color-coded by a green-red scale on the quiz's map according to % correct below.
 
Answer Stats
Destination % Correct
Mexico City
100%
Miami
100%
Rio de Janeiro (Galeão)
100%
Bogotá
97%
La Paz
97%
Los Angeles
97%
New York (JFK)
97%
Toronto (Pearson)
97%
Amsterdam
95%
Atlanta
95%
Barcelona
95%
Brasília
95%
Cancún
95%
Houston (Intercontinental)
95%
Madrid
95%
Montréal (Trudeau)
95%
Panama City (Tocumen)
95%
Paris (Charles de Gaulle)
95%
Santiago de Chile
95%
Buenos Aires (Aeroparque)
92%
Buenos Aires (Ezeiza)
92%
San José (CR)
92%
São Paulo (Guarulhos)
92%
Asunción
90%
Medellín (JMC)
90%
Montevideo
90%
Newark
90%
Salt Lake City
90%
Quito
87%
San Salvador
87%
Santo Domingo (Las Américas)
87%
Cusco
85%
Cordoba (AR)
82%
Guayaquil
79%
Punta Cana
79%
Fort Lauderdale
74%
Montego Bay
72%
Aruba
69%
Porto Alegre
67%
Arequipa
64%
Cartagena
64%
Rosario
64%
Santa Cruz de la Sierra (Viru Viru)
64%
Curitiba
62%
Antalya
56%
Mendoza
56%
Iquitos
51%
Florianopolis
49%
Trujillo
49%
Tacna
41%
Antofagasta
38%
Piura
36%
Chiclayo
31%
Salta
31%
Ayacucho
28%
Tumbes
28%
Cajamarca
26%
Juliaca
26%
Puerto Iguazú
23%
Puerto Maldonado
23%
Talara
21%
Pucallpa
18%
Huánuco
15%
Tarapoto
15%
Chachapoyas
10%
Jauja
10%
Tingo María
10%
Huaraz
8%
Jaén
8%
Mazamari
5%
No matching quizzes found
Score Distribution
Percent of People with Each Score
Percentile by Number Answered
Your Score History
You have not taken this quiz